000 00390nam a2200145 i 4500
001 bg
100 1 _aDROZDOWSKI, Józef
245 0 _aRysunek techniczny :
_bpodręcznik dla studentów I i II roku studiów /
_cJózef Drozdowski.
260 _aSzczecin,
_c1977.
040 _cBPK
041 _apol
080 _a744:621](075.8)
942 _cKS
008 s pl f |000 0 pol
999 _c17768
_d17768
856 _uhttp://koha.tu.koszalin.pl/cgi-bin/koha/opac-detail.pl?biblionumber=17768
_yKatalog online BPK